000
00338 a2200157 4500
001
74308
020
_a
858565155-5
040
_c
Anchieta - Colégio São Paulo
100
_a
Abreu,Dora
240
1
0
_a
sem ela, nada feito
_l
por
245
1
0
_a
sem ela, nada feito
300
_a
99
362
0
_a
2000
650
4
_a
Educação
942
_c
BK
999
_c
74308
_d
74308